The turbulent term of tyke tiler / (Record no. 4437)

MARC details
000 -LEADER
fixed length control field 00909nam a22002657a 4500
001 - CONTROL NUMBER
control field 4437
003 - CONTROL NUMBER IDENTIFIER
control field FISKH
005 - DATE AND TIME OF LATEST TRANSACTION
control field 20240909150952.0
008 - FIXED-LENGTH DATA ELEMENTS--GENERAL INFORMATION
fixed length control field 240909b cb ||||| |||| 00| 0 eng d
020 ## - INTERNATIONAL STANDARD BOOK NUMBER
International Standard Book Number 9780571313914
040 ## - CATALOGING SOURCE
Original cataloging agency FISKH
Language of cataloging eng
Transcribing agency FISKH
Modifying agency FISKH
050 ## - LIBRARY OF CONGRESS CALL NUMBER
Classification number PZ7.K3055
082 ## - DEWEY DECIMAL CLASSIFICATION NUMBER
Edition number 823.914
100 ## - MAIN ENTRY--PERSONAL NAME
Personal name Kemp, Gene
Dates associated with a name (1926–2015)
245 ## - TITLE STATEMENT
Title The turbulent term of tyke tiler /
Statement of responsibility, etc. By Gene Kemp Illustrated by Kenny Mckendry
250 ## - EDITION STATEMENT
Edition statement This edition first published in 2015
260 ## - PUBLICATION, DISTRIBUTION, ETC.
Place of publication, distribution, etc. London :
Name of publisher, distributor, etc. Faber Classics,
Date of publication, distribution, etc. 1997.
300 ## - PHYSICAL DESCRIPTION
Extent 151 pages :
Other physical details illustrations ;
Dimensions 20cm
520 ## - SUMMARY, ETC.
Summary, etc. This tale of the exploits of Tyke Tiler, and his best friend Danny Price, is one of the children's classics of the twentieth century.
650 ## - SUBJECT ADDED ENTRY--TOPICAL TERM
Source of heading or term School stories
Topical term or geographic name entry element Primary
Form subdivision Adventure
650 ## - SUBJECT ADDED ENTRY--TOPICAL TERM
Source of heading or term Friendship
Topical term or geographic name entry element Novel
700 ## - ADDED ENTRY--PERSONAL NAME
Personal name Mckendry, Kenny
Dates associated with a name Illustrator
942 ## - ADDED ENTRY ELEMENTS (KOHA)
Source of classification or shelving scheme Dewey Decimal Classification
Koha item type Books
Suppress in OPAC No
Holdings
Withdrawn status Lost status Source of classification or shelving scheme Damaged status Not for loan Collection Home library Current library Shelving location Date acquired Total Checkouts Full call number Barcode Date last seen Date last checked out Copy number Price effective from Koha item type
    Dewey Decimal Classification     Fiction Footprints International School Library Network Toul Kork Campus Footprints International School Library Network Toul Kork Campus TTP Secondary Fiction Bookshelves 09/09/2024 1 KEM 823.914 PZ7.K3055 2024-1898 09/10/2024 09/10/2024 1 09/09/2024 Books